| 000 | 00443nam a22001577a 4500 | ||
|---|---|---|---|
| 005 | 20251112111325.0 | ||
| 008 | 251112b |||||||| |||| 00| 0 eng d | ||
| 020 | _a979-8-88715-02-77 | ||
| 100 | _aBAKER ISABELLE | ||
| 245 | _aPOULTRY :MEAT PROCESSING , COOLING AND PRESERVATION METHODS | ||
| 260 |
_aDUBLIN OH _bORYSON PRESS _c2023 |
||
| 300 | _aV,284P. | ||
| 500 | _aINCLUDES AN INDEX | ||
| 650 | _aPOULTRY-PROCESSING | ||
| 942 |
_2lcc _cBK |
||
| 999 |
_c216169 _d216169 |
||